| 000 | 02133cam a2200313 a 4500 | ||
|---|---|---|---|
| 003 | EG-GiCUC | ||
| 005 | 20250223030949.0 | ||
| 008 | 140406s2013 ua f m 000 0 ara d | ||
| 040 |
_aEG-GiCUC _bara _cEG-GiCUC |
||
| 041 | 0 | _aara | |
| 049 | _aايداع | ||
| 097 | _aماجستير | ||
| 099 | _aCai01.04.08.M.Sc.2013.غي.ط | ||
| 100 | 0 | _aغياث أحمد غويش | |
| 245 | 1 | 2 |
_aالطبيعة القانونية للحساب المشترك : _bدراسة مقارنة / _cغياث أحمد غويش ؛ إشراف سميحة مصطفى القليوبى |
| 260 |
_aالقاهرة : _bغياث أحمد غويش : _c2013 |
||
| 300 |
_a136 ص ؛ _c25سم |
||
| 502 | _aاطروحة (ماجستير) - جامعة القاهرة - كلية الحقوق - قسم القانون التجارى | ||
| 520 | _aيعرف الحساب المشترك: بأنه الحساب الذى يفتح من قبل شخصين أو أكثر على وجه التضامن فيما بينهم سلبا و إيجابا: بحيث: بحيث يكون لكل واحد منهم حق التعامل على كامل الحساب بالسحب أو الإيداع بتوقيعه المنفرد. و إن الأساس القانونى للحساب المشترك هو نص القانون مباشرة. و إن الطبيعة القانونية لعلاقة شركاء أطراف الحساب فيما بينهم تختلف بإختلاف السبب الذى أدى إلى فتحهم الحساب المشترك: و إن طبيعة العلاقة القانونية لشركاء أطراف الحساب مع البنك هى علاقة ذات طبيعة خاصة: و بالتالى فإن عقد الحساب المشترك هو عقد ذات طبيعة خاصة | ||
| 530 | _aصدر ايضا كقرص مدمج | ||
| 653 | 4 | _aاالطبيعة القانونية | |
| 653 | 4 | _aالحساب المشترك | |
| 653 | 4 | _aعقد الحساب المشترك | |
| 700 | 0 |
_aسميحة مصطفى القليوبى : _eمشرف |
|
| 856 | _uhttp://172.23.153.220/th.pdf | ||
| 905 |
_aNazla _eRevisor |
||
| 905 |
_aSamia _eCataloger |
||
| 942 |
_2ddc _cTH |
||
| 999 |
_c45617 _d45617 |
||